Premier ministres de la 5ème - Mort subite - Statistiques

Statistiques générales
  • Ce quiz a été pris 2 179 fois
    26 depuis la dernière actualisation
  • Le résultat moyen est 14 sur 28
Answers on the Grid
Answers color-coded by a green-red scale on the quiz's grid according to % correct below.
Jean-Pierre Raffarin
Alain Juppé
Arnaud Montebourg
Bernard Cazeneuve
Dominique De Villepin
Dominique Strauss-Kahn
Sébastien Lecornu
Edith Cresson
Edouard Balladur
Edouard Philippe
Elizabeth Borne
François Fillon
François Hollande
Gabriel Attal
Gaston Deferre
Georges Pompidou
Jacques Chaban-Delmas
Jacques Chirac
Jacques Delors
François Bayrou
Jean Castex
Jean-Louis Debré
Jean-Marc Ayrault
Laurent Fabius
Lionel Jospin
Manuel Valls
Martine Aubry
Maurice Couve de Murville
Michel Barnier
Michel Debré
Michel Poniatowski
Michel Rocard
Michèle Alliot-Marie
Nicolas Sarkozy
Philippe Séguin
Pierre Bérégovoy
Pierre Mauroy
Pierre Messmer
Raymond Barre
René Monory
 
Statistiques - réponses
Réponse % Correct
Edouard Philippe
70%
Elizabeth Borne
70%
Gabriel Attal
70%
Lionel Jospin
70%
François Bayrou
65%
François Fillon
65%
Jean Castex
65%
Michel Barnier
65%
Sébastien Lecornu
65%
Manuel Valls
61%
Bernard Cazeneuve
52%
Dominique De Villepin
48%
Edith Cresson
48%
Edouard Balladur
48%
Michel Debré
48%
Michel Rocard
48%
Pierre Bérégovoy
43%
Jean-Pierre Raffarin
43%
Jacques Chirac
39%
Jean-Marc Ayrault
39%
Alain Juppé
35%
Georges Pompidou
35%
Laurent Fabius
35%
Pierre Mauroy
35%
Raymond Barre
35%
Jacques Chaban-Delmas
26%
Pierre Messmer
22%
Maurice Couve de Murville
13%
Aucun quiz correspondant
Distribution des résultats
% des personnes avec chaque résultat
Percentile par nombre de réponses
Votre historique - résultats
Vous n’avez pas pris ce quiz depuis la dernière actualisation